000 005130000a22001810004500
003 MACL
005 20160225152736.0
008 160225b xxu||||| |||| 00| 0 eng d
040 _aMACL
_cMACL
041 _aHindi
082 _a796
100 _aहरफूल सिंह
_940429
245 _aपहलवान कैसे बनें
260 _bअरविन्‍द प्रकाशन
_c1980
_aदिल्‍ली
350 _a15
650 _aSports
_940430
942 _cHIN
_k891.431
_2ddc
999 _c27169
_d27169